Flagi niektórych państw Azji z roku 1800 - Statystyki

Ogólne statystyki
  • Ten quiz został rozwiązany 27 razy
  • Średni wynik to 4 z 16
Statystyki odpowiedzi
Obrazkowy Odpowiedź % Poprawnych
Imperium Osmańskie
91%
Dynastia Qing
64%
Imperium Rosyjskie
59%
Syjam
50%
Chanat kazachski
23%
Joeson
14%
Bukhara
9%
Diriyah
9%
Dynastia Qajarów
9%
Imperium Marathów
9%
Imperium Omanu
9%
Khiva
9%
Togukawa
9%
Canbed
5%
Imperium Durrani
5%
Królestwo Kandy
5%
Nie znaleziono quizów pasujących do podanych kryteriów
Rozkład punktacji
Procent ludzi z każdym wynikiem
Percentyl według liczby udzielonych odpowiedzi
Twoja historia wyników
Nie rozwiązałeś tego quizu